000 00839nam a2200277 a 4500
001 BRCA_3703
005 20190320204405.0
008 090909s1960----fr-a---###---#000-0#fre-#
041 _afre
044 _afr
050 4 _aNK2547
_b.M48 2
_c1960
245 1 0 _aMeubles et ensembles
_bLouis XIII - Louis XIV
_cintroduction par Monique de Fayet.
260 _aParis
_bCh. Massin
_c[1960]
300 _a1 v. (sin paginación)
_bil., 36 láminas
_c29 cm.
440 0 _aMeubles et ensembles
_v2
_99626
500 _aIncluye lista de láminas
500 _aB340
650 1 4 _aMuebles Luis XIII
_99627
650 1 4 _aMuebles Luis XIV
_99628
650 1 4 _aMuebles franceses
_99629
650 1 4 _aMuebles renacentistas
_97835
650 1 4 _aMuebles barrocos
_99362
700 1 _aFayet, Monique de
_eintrod
_97834
902 _aGFM
942 _2lcc
_cB
999 _c3433
_d3433